LEADER 00996nam0 2200277 450 001 000011706 005 20180618160555.0 010 $a0-13-250762-5 100 $a20080522d1990----km-y0itay50------ba 101 0 $aeng 102 $aUS 105 $aa-------001yy 200 1 $aElectronic instrumentation and measurement techniques$fWilliam D. Cooper, Albert D. Helfrick 205 $a3rd ed. 210 $aEnglewood Cliffs$cPrentice-Hall international$dc1985 215 $aXII, 466 p.$cill.$d23 cm 451 0$1001000002039 610 1 $aMisure elettroniche$aStrumenti 676 $a621.381548$v20$9Ingegneria elettronica. Componenti e circuiti. Dispositivi di prova e misurazione e loro uso 700 1$aHelfrick,$bAlbert D.$0616545 701 1$aCooper,$bWilliam D.$045908 801 0$aIT$bUNIPARTHENOPE$c20080522$gRICA$2UNIMARC 912 $a000011706 951 $a621.381/176$b28935$cPIST 996 $aElectronic instrumentation and measurement techniques$91204357 997 $aUNIPARTHENOPE LEADER 01186nam0 2200301 450 001 000037750 005 20140805113149.0 010 $a0-9163-7919-1 100 $a20140804d1984----km-y0itaa50------ba 101 0 $aeng 102 $aUS 200 1 $a<> Grand and the Fair: Poe's Landscape Aesthetics and Pictorial Techniques$fKent Ljungquist 210 $aPotomac (Maryland)$cScripta Humanistica$d1984 215 $aX, 216 p.$d22 cm 225 2 $aScripta Humanistica 410 0$12001$aScripta Humanistica 600 $aPoe,$bEdgar Allan$z1809-1849 676 81$a818.3$v(22. ed.)$9Letteratura americana in lingua inglese. Periodo coloniale, fino al 1867 700 1$aLjungquist,$bKent$0447171 801 0$aIT$bUniversità della Basilicata - B.I.A.$gREICAT$2unimarc 912 $a000037750 996 $aGrand and the Fair: Poe's Landscape Aesthetics and Pictorial Techniques$999937 997 $aUNIBAS BAS $aLETTERE CAT $aEXT016$b01$c20140805$lBAS01$h1130 CAT $aEXT016$b01$c20140805$lBAS01$h1131 FMT Z30 -1$lBAS01$LBAS01$mBOOK$1BASA1$APolo Storico-Umanistico$2DSLF$BCollezione DiSLF$3DF/E795$61099$5F1099$820140805$f04$FPrestabile Didattica